Analýza vlastných nákladov a výsledkov hospodárenia JRD a SPP v SSR záverečná správa ŠPEV 903 529 305 - 05/10
Na minha lista:
| Autor principal: | |
|---|---|
| Formato: | Livro |
| Idioma: | eslovaco |
| Publicado em: |
Bratislava
Výskumný ústav ekonomiky poľnohospodárstva a potravinárstva
1984
|
| Tags: |
Sem tags, seja o primeiro a adicionar uma tag!
|
MARC
| LEADER | 00000nam a2200000 4500 | ||
|---|---|---|---|
| 001 | c106940 | ||
| 005 | 20221128065334.7 | ||
| 041 | 0 | |a slo | |
| 044 | |a SK | ||
| 245 | 1 | 0 | |a Analýza vlastných nákladov a výsledkov hospodárenia JRD a SPP v SSR |b záverečná správa ŠPEV 903 529 305 - 05/10 |c Viliam Naď |
| 264 | 1 | |a Bratislava |b Výskumný ústav ekonomiky poľnohospodárstva a potravinárstva |c 1984 | |
| 300 | |a 52 s. | ||
| 100 | 1 | |a Naď, Viliam | |